Hondos huéspedes /
Gardado en:
| Autor Principal: | |
|---|---|
| Formato: | Desconocido |
| Idioma: | Spanish |
| Publicado: |
La Habana, Cuba :
Centro Provincial del Libro y la Literatura, Departamento de Literatura,
1991.
|
| Materias: | |
| Etiquetas: |
Engadir etiqueta
Sen Etiquetas, Sexa o primeiro en etiquetar este rexistro!
|
MARC
| LEADER | 000000000a22000000004500 | ||
|---|---|---|---|
| 001 | 002068 | ||
| 041 | 0 | |a spa | |
| 082 | 0 | 4 | |a Cu861.44 |b C845h |
| 100 | 1 | |a Coto Mederos, Luis Carlos | |
| 245 | 1 | 0 | |a Hondos huéspedes / |c Luis Carlos Coto Mederos. |
| 260 | 1 | |a La Habana, Cuba : |b Centro Provincial del Libro y la Literatura, Departamento de Literatura, |c 1991. | |
| 300 | |a 14 páginas | ||
| 650 | 4 | |a LITERATURA CUBANA | |
| 650 | 4 | |a POESIA | |
| 999 | |c 8670 |d 8670 | ||
| 942 | |c BK |h Cu861.44 C845h |2 z | ||
